Vocabulario criollo-español sud-americano / (Record no. 183013)
[ view plain ]
| 000 -LEADER | |
|---|---|
| campo de control de longitud fija | 00909nam a2200241 i 4500 |
| 001 - NÚMERO DE CONTROL | |
| campo de control | 183013 |
| 003 - IDENTIFICADOR DE NÚMERO DE CONTROL | |
| campo de control | ES-MaACL |
| 005 - FECHA Y HORA DE LA ÚLTIMA TRANSACCIÓN | |
| campo de control | 20251001063037.0 |
| 007 - CAMPO FIJO DE DESCRIPCIÓN FÍSICA--INFORMACIÓN GENERAL | |
| campo de control de longitud fija | t| |
| 008 - DATOS DE LONGITUD FIJA--INFORMACIÓN GENERAL | |
| campo de control de longitud fija | 140113s2010 bo ||||1| spa d |
| 100 1# - ENTRADA PRINCIPAL--NOMBRE DE PERSONA | |
| Nombre de persona | Bayo, Ciro, |
| Fechas asociadas al nombre | 1859-1939 |
| 9 (RLIN) | 26688 |
| 245 10 - MENCIÓN DEL TÍTULO | |
| Título | Vocabulario criollo-español sud-americano / |
| Mención de responsabilidad, etc. | por Ciro Bayo ; introducción y edición de Carlos Coello Vila. |
| 250 ## - MENCION DE EDICION | |
| Mención de edición | [2ª ed.]. |
| 260 ## - PUBLICACIÓN, DISTRIBUCIÓN, ETC. | |
| Lugar de publicación, distribución, etc. | La Paz, Bolivia : |
| Nombre del editor, distribuidor, etc. | Academia Boliviana de la Lengua, |
| Fecha de publicación, distribución, etc. | 2010. |
| 300 ## - DESCRIPCIÓN FÍSICA | |
| Extensión | 377 p. ; |
| Dimensiones | 21 cm. |
| 650 #4 - PUNTO DE ACCESO ADICIONAL DE MATERIA--TÉRMINO DE MATERIA | |
| Término de materia o nombre geográfico como elemento de entrada | Dialectos criollos españoles- |
| Subdivisión de forma | Diccionarios. |
| 9 (RLIN) | 154129 |
| 700 1# - ENTRADA AGREGADA--NOMBRE PERSONAL | |
| Nombre de persona | Coello Vila, Carlos. |
| 9 (RLIN) | 154130 |
| 710 2# - ENTRADA AGREGADA--NOMBRE DE ENTIDAD CORPORATIVA | |
| Nombre de entidad corporativa o nombre de jurisdicción como elemento de entrada | Academia Boliviana de la Lengua. |
| 9 (RLIN) | 154131 |
| 852 ## - LOCALIZACIÓN | |
| Ubicación | ES-MaACL |
| Número de control de estantería | A-12956 |
| itemnumber | 189946 |
| Sublocalización o colección | R.149792 |
| Ubicación en estantería | Depósito 1 |
| Signatura antigua | Olim: N-5956 |
| Encuadernación | Donación: Real Academia Española |
| 914 ## - NOMBRE ENTIDAD DE DONANTE | |
| RLIN | 6336 |
| Nombre de congreso/reunión o jurisdicción como elemento de entrada | Real Academia Española |
| Unidad subordinada | Donante |
| 942 ## - ELEMENTOS DE ENTRADA SECUNDARIOS (KOHA) | |
| Fuente del sistema de clasificación o colocación | Clasificación decimal universal |
| Tipo de ítem Koha | Libro impreso |
| Estatus retirado | Estado de pérdida | Fuente del sistema de clasificación o colocación | Estado de daño | No para préstamo | Biblioteca de origen | Biblioteca actual | Ubicación en estantería | Fecha de adquisición | Fuente de adquisición | Total de préstamos | Signatura topográfica completa | Código de barras | Visto por última vez | Precio de reemplazo | Tipo de ítem Koha |
|---|---|---|---|---|---|---|---|---|---|---|---|---|---|---|---|
| Clasificación decimal universal | Biblioteca del Ateneo de Madrid | Biblioteca del Ateneo de Madrid | Depósito 1 | 13/01/2014 | Donación | A-12956 | 1192352 | 23/02/2023 | 23/02/2023 | Libro impreso |
